Olympique Lyonnais Trivia - Statistics

General Stats
  • This quiz has been taken 448 times
    186 since last reset
  • The average score is 10 of 15
Answer Stats
Question Answer % Correct
Who is the captain of Lyon? Alexandre Lacazette
93%
Which other native Lyonnais left the club to join Arsenal for £46.5m in 2017, before returning on a free transfer five years later? Alexandre Lacazette
93%
What is the name of Lyon’s current stadium? Groupama Stadium
89%
What is Lyon’s nickname, translating into English as “The Kids”? Les {Gones}
85%
Who is Lyon’s record sale, joining Tottenham Hotspur for £55.45m in 2019? Tanguy Ndombele
80%
With which club does Lyon contest the Derby Rhône-Alpes? Saint-Étienne
79%
Who is the current head coach of Lyon? Laurent Blanc
74%
In the 2007/08 season, which native Lyonnais was the Ligue 1 Player of the Year and Top Scorer, as the club secured its seventh-consecutive league title? Karim Benzema
69%
Which Frenchman is Lyon’s all-time record goalscorer with 182? Fleury Di Nallo
65%
Who is Lyon’s record signing, arriving from Angers for £22.5m in 2019? Jeff Reine-Adélaïde
61%
What is the name of the Brazilian midfielder, who played for Lyon from 2001 until 2009 and was renowned for his knuckleball free kicks? Juninho Pernambucano
56%
At which stadium did Lyon play from 1950 until 2015? Stade de Gerland
56%
Which Frenchman holds the record for most Lyon appearances with 541? Serge Chiesa
33%
Who is the only Lyon manager to win the league and cup double? Alain Perrin
20%
Who was Lyon manager as they won the 2001/02 Ligue 1 title, the first in the club’s history? Jacques Santini
19%
No matching quizzes found
Score Distribution
Percent of People with Each Score
Percentile by Number Answered
Your Score History
You have not taken this quiz since the last reset